|
|
|
|
| LEADER |
00000cam a22000004a 4500 |
| 001 |
musev2_46003 |
| 003 |
MdBmJHUP |
| 005 |
20230905044817.0 |
| 006 |
m o d |
| 007 |
cr||||||||nn|n |
| 008 |
160526s2012 mnu o 00 0 eng d |
| 020 |
|
|
|a 9781506421537
|
| 020 |
|
|
|z 9780800698379
|
| 035 |
|
|
|a (OCoLC)966821734
|
| 040 |
|
|
|a MdBmJHUP
|c MdBmJHUP
|
| 100 |
1 |
|
|a Nickelsburg, George W. E.,
|d 1934-
|e author.
|
| 245 |
1 |
0 |
|a 1 Enoch 2 :
|b A Commentary on the Book of 1 Enoch, Chapters 37-82 /
|c by George W.E. Nickelsburg and James C. VanderKam ; edited by Klaus Baltzer.
|
| 264 |
|
1 |
|a Minneapolis :
|b Fortress Press,
|c [2012]
|
| 264 |
|
3 |
|a Baltimore, Md. :
|b Project MUSE,
|c 2017
|
| 264 |
|
4 |
|c ©[2012]
|
| 300 |
|
|
|a 1 online resource (640 pages).
|
| 336 |
|
|
|a text
|b txt
|2 rdacontent
|
| 337 |
|
|
|a computer
|b c
|2 rdamedia
|
| 338 |
|
|
|a online resource
|b cr
|2 rdacarrier
|
| 490 |
0 |
|
|a Hermeneia--a critical and historical commentary on the Bible
|
| 588 |
|
|
|a Description based on print version record.
|
| 630 |
0 |
7 |
|a Ethiopic book of Enoch.
|2 fast
|0 (OCoLC)fst01358426
|
| 630 |
0 |
0 |
|a Ethiopic book of Enoch
|v Commentaries.
|
| 650 |
|
7 |
|a RELIGION
|x Biblical Studies
|x Exegesis & Hermeneutics.
|2 bisacsh
|
| 655 |
|
7 |
|a Commentaries.
|2 fast
|0 (OCoLC)fst01423723
|
| 655 |
|
7 |
|a Electronic books.
|2 local
|
| 700 |
1 |
|
|a Baltzer, Klaus,
|d 1928-
|e editor.
|
| 700 |
1 |
|
|a VanderKam, James C.,
|e author.
|
| 710 |
2 |
|
|a Project Muse.
|e distributor
|
| 830 |
|
0 |
|a Book collections on Project MUSE.
|
| 856 |
4 |
0 |
|z Texto completo
|u https://projectmuse.uam.elogim.com/book/46003/
|
| 945 |
|
|
|a Project MUSE - Custom Collection
|
| 945 |
|
|
|a Project MUSE - Hermeneia: A Critical and Historical Commentary on the Bible
|